000 00266nam a2200133Ia 4500
100 _aCampbell/ Joe
942 _cBK
654 _aComputer
245 _aRS-232 Solution
260 _bBPB Pub
_aNew Delhi
_c1990
082 _a4.69
546 _aENGLISH
999 _c30015
_d30015